000 00577nam a2200217 a 4500
001 BRL_981
005 20190320211000.0
008 301013s1957----mx-#######---#000-1#spa-#
041 _aspa
044 _amx
050 4 _aPQ7297
_b.L48 33 1957
100 1 _aGarcía Iglesias, Sara
_925496
245 1 0 _aExilio
_cpor Sara García Iglesias.
260 _aMéxico
_bFondo de Cultura Económica
_c1957
300 _a339 p.
_c18 cm.
440 0 _aLetras mexicanas
_v33
_925497
500 _aAu1093
650 1 4 _anovela mexicana
_ySiglo XX
_923904
902 _aGRL
942 _2lcc
_cB
999 _c9793
_d9793